00428nam a2200181 a 4500001001300000003000900013005001700022008004100039020000900080082001400089100001700103245001800120260003100138300000900169500003500178650001600213700001700229nice12345678IN_TiNIC20260116011952.0080516s1835 iraa grp 000 0 per  ac5000a239bPFA5 aPfander, C G aMizan-Ul-haqq aIran bSchvchi Fort c1835 a272p aincludes index and biblioraphy aApologetics1 aPfander, C G